| 000 | 00355nam a2200145Ia 4500 | ||
|---|---|---|---|
| 008 | 150201s2004 xx 000 0 und d | ||
| 082 |
_a617.645 _bT2004D |
||
| 100 | _aDAMLE ,S.G. | ||
| 245 | _aTEXT BOOK OF PEDIATRIC DENTISTRY | ||
| 250 | _a2ND | ||
| 260 |
_bARYA PUBLICATION _aDELHI _c2004 |
||
| 300 | _a1-500 | ||
| 650 | _aPEDODONTICS | ||
| 942 |
_2ddc _cBK |
||
| 999 |
_c3339 _d3339 |
||